Radiohead: Albums by Cover - Statistics

General Stats
  • This quiz has been taken 174 times
  • The average score is 8 of 9
Answer Stats
Picture Hint Answer % Correct
1993 Pablo Honey
98%
1997 OK Computer
97%
2000 Kid A
95%
2007 In Rainbows
94%
1995 The Bends
94%
2016 A Moon Shaped Pool
81%
2001 Amnesiac
77%
2003 Hail to the Thief
74%
2011 The King of Limbs
65%
No matching quizzes found
Score Distribution
Percent of People with Each Score
Percentile by Number Answered
Your Score History
You have not taken this quiz